000 00289nam a22001217a 4500
008 180921b xxu||||| |||| 00| 0 eng d
041 _aeng
080 _a338
100 _a52
101 _aEKO
245 _aThe Role of Agriculture in Economic Development
_cThorbecke, E
942 _2udc
_cBK
999 _c48177
_d48177